00449nam a2200121 a 45000010005000000030005000050050017000100080041000270400020000681110068000882450061001562600110002172199CDMR20130116135225.0130130s1985||||||||||||||||||||||||||||d aCDMRbcatcCDMR2 aSimposi Internacional Premsa i EducaciócBarcelonad1985n2º13aLa premsa com a suport pedagògic al curriculum escolar aBarcelonac1985bDepartament de Cultura de la Generalitat de Catalunya. Servei de Promoció de la Premsa